000 00614nam a2200229Ia 4500
003 OSt
005 20221007075929.0
006 a|||||r|||| 00| 0
007 ta
008 221006b |||||||| |||| 00| 0 eng d
024 _a18,238
037 _cReference Collections
040 _aFLL
_cFLL
_beng
041 _2eng
_aeng
082 _aV2:32:(Z), P3
100 _aShourie A. Au.
_9694401
245 0 _aA secular agenda
260 _aNew Delhi
_bRupa co. India
_c2003
300 _a376p
_ccm.
942 _hV2:32:(Z), P3
_cREF
_2CC
999 _c1157860
_d1157860